000
00299 a2200133 4500
001
151397
040
_c
Escola São Tomás de Aquino
240
1
0
_a
O rato roeu a roupa
_l
por
245
1
0
_a
O rato roeu a roupa
362
0
_a
1988
440
1
_a
Moderna
697
_a
*LITERATURA INFANTIL
942
_c
BK
999
_c
151397
_d
151397